| 000 | 00352 a2200157 4500 | ||
|---|---|---|---|
| 001 | 56896 | ||
| 020 | _a850205726X | ||
| 040 | _cAnchieta - Pituba | ||
| 100 | _aAguiar, Luiz Antonio | ||
| 240 | 1 | 0 |
_aO cavaleiro das palavras _lpor |
| 245 | 1 | 0 | _aO cavaleiro das palavras |
| 300 | _a79 | ||
| 362 | 0 | _a2006 | |
| 650 | 4 | _aLiteratura juvenil | |
| 942 | _cBK | ||
| 999 |
_c56896 _d56896 |
||